Glimpses of the divine : (Record no. 124539)

MARC details
000 -LEADER
fixed length control field 00755nam a22002297a 4500
005 - DATE AND TIME OF LATEST TRANSACTION
control field 20170124105940.0
010 ## - LIBRARY OF CONGRESS CONTROL NUMBER
LC control number A-953345
020 ## - INTERNATIONAL STANDARD BOOK NUMBER
Terms of availability 00.00
International Standard Book Number 8172144504
035 ## - SYSTEM CONTROL NUMBER
System control number A-953345
037 ## - SOURCE OF ACQUISITION
Source of stock number/acquisition Cen Lib/Ret
040 ## - CATALOGING SOURCE
Original cataloging agency DPL
Language of cataloging EN
082 ## - DEWEY DECIMAL CLASSIFICATION NUMBER
Classification number 215
Item number JES
100 ## - MAIN ENTRY--PERSONAL NAME
Personal name Jesuraja, A.
9 (RLIN) 11092
245 ## - TITLE STATEMENT
Title Glimpses of the divine :
Statement of responsibility, etc by A.Jesuraja
Remainder of title reflections on revelation and liberations through scienec /
260 ## - PUBLICATION, DISTRIBUTION, ETC. (IMPRINT)
Place of publication, distribution, etc Delhi
Name of publisher, distributor, etc ISPCK
Date of publication, distribution, etc 1998
270 ## - ADDRESS
City Delhi
Address Post Box 1585, Kashmere Gate
Postal code 110006
300 ## - PHYSICAL DESCRIPTION
Extent xix,231p.
Dimensions 20cm(Hb)
500 ## - GENERAL NOTE
General note Includes bibliographical reference.
650 ## - SUBJECT ADDED ENTRY--TOPICAL TERM
Topical term or geographic name as entry element Religion and science.
9 (RLIN) 11093
650 ## - SUBJECT ADDED ENTRY--TOPICAL TERM
Topical term or geographic name as entry element Nature -- Religious aspects -- Christianity.
9 (RLIN) 11094
942 ## - ADDED ENTRY ELEMENTS (KOHA)
Source of classification or shelving scheme Dewey Decimal Classification
Koha item type English Books
Classification part 215
Call number suffix JES
Holdings
Withdrawn status Lost status Damaged status Not for loan Home library Current library Date acquired Source of acquisition Cost, normal purchase price Total Checkouts Full call number Barcode Date last seen Copy number Cost, replacement price Price effective from Koha item type
        Central Library Central Library 16/06/2015 Cen Lib/Ret 0.00   215 JES A-953345 16/06/2015 1 0.00 16/06/2015 English Books

© Delhi Public Library
Hit Counter
free hit counter